000 00568nam a2200157 i 4500
001 93184
003 ES-MaACL
007 t|
008 050408s1950 sp ||||1| spa d
100 1 _aLombardo-Radice, Giuseppe.
_973194
245 1 0 _aLecciones de didactica y recuerdos de experiencia docente /
_cGiuseppe Radice Lombardo; traducción de la undécima edición italiana por Pablo Martínez de Salinas.
260 _aBarcelona :
_bLabor,
_c1950.
300 _a483 p. ;
_c21 cm.
700 1 _aMartínez de Salinas, Pablo.
_978030
852 _aES-MaACL
_jC-5862
_bR.34768
999 _c93184
_d93184